Statistiques concernant La question du jour H.P #5

Cliquez ici pour prendre le quiz!

Statistiques générales

  • Ce quiz a été pris 49 fois
  • Le résultat moyen est 4 sur 5

Statistiques - réponses

QuestionRéponse% Correct
Précision du prénom :Je n'ai pas choisi Mc gonagall
87%
Précison du prénom :Je n'ai pas choisi Rogue
83%
Quel professeur de Poudlard apparaît sur un quai de métro londonienDumbledore
80%
Précision du prénom :Je n'ai pas choisi Hagrid
74%
Précision du prénom :Albus Perceval Wulfric Brian
48%

Distribution des résultats

Percentile par nombre de réponses

% des personnes avec chaque résultat

Votre développement - résultats

Vous n’avez pas pris ce quiz